000 01565nam a2200445 c 4500
001 51726
003 ES-MaCES
005 20210416115631.0
007 cr |||||||||||
008 210302s2020 sz r i000 | spa d
020 _a9789221320081
020 _a9789220319482  
020 _a9789220319451  (web pdf)
040 _aES-MaCES
_bspa
_cES-MaCES
245 0 0 _aGlobal wage report 2020-21
_hRecurso electrónico
_b: wages and minimum wages in the time of COVID-19
_cInternational Labour Organization
250 _a1ª st
260 _aGeneva
_bILO
_c2020
300 _a1 documento pdf (54,8 mb)
504 _aBibliografía: p. 203-208
541 _cGratuito
650 4 _asalario
_928387
650 4 _aingreso garantizado
_929342
650 4 _aCovid-19
_939751
650 4 _adiferencia del salario
_929458
650 4 _atrabajadora
_928413
650 4 _adiscriminación por razones de sexo
_929521
650 4 _apolítica salarial
_928391
650 4 _aigualdad de oportunidades en el empleo
_930649
650 4 _aigualdad de remuneración
_927184
650 4 _apaís desarrollado
_927091
650 4 _apaís en desarrollo
_927092
650 4 _a2020-2021
_939842
650 4 _ainforme
_928986
653 1 0 _aRelaciones laborales-Empleo
710 2 _94718
_aOrganización Internacional del Trabajo
_eed.
775 0 _tInforme mundial sobre salarios 2018-19
_w(ES-MaCES)51725
856 4 _uhttp://biblioteca.ces.es/repintra/B51726.pdf
_ytexto completo
_z[intranet]
902 _aELE PUB. ELECTRONICA
942 _2CES
_cBK
_h2.0.
999 _c51726
_d51726